Introduction to conservation genetics / (Record no. 612)

MARC details
000 -LEADER
fixed length control field 01470nam a22003137a 4500
001 - CONTROL NUMBER
control field 12363101
005 - DATE AND TIME OF LATEST TRANSACTION
control field 20230929090751.0
008 - FIXED-LENGTH DATA ELEMENTS--GENERAL INFORMATION
fixed length control field 230929b |||||||| |||| 00| 0 eng d
010 ## - LIBRARY OF CONGRESS CONTROL NUMBER
LC control number 2001035028
020 ## - INTERNATIONAL STANDARD BOOK NUMBER
International Standard Book Number 0521630142
020 ## - INTERNATIONAL STANDARD BOOK NUMBER
International Standard Book Number 0521639859 (pbk.)
040 ## - CATALOGING SOURCE
Original cataloging agency DLC
Transcribing agency KMU
Modifying agency KMU
Description conventions rda
042 ## - AUTHENTICATION CODE
Authentication code pcc
050 00 - LIBRARY OF CONGRESS CALL NUMBER
Classification number QH75.A1
Item number Fra
100 1# - MAIN ENTRY--PERSONAL NAME
Personal name Frankham, Richard,
Dates associated with a name 1942-
245 10 - TITLE STATEMENT
Title Introduction to conservation genetics /
Statement of responsibility, etc. Richard Frankham, Jonathan D. Ballou, and David A. Briscoe ; line drawings by Karina H. McInness.
260 ## - PUBLICATION, DISTRIBUTION, ETC.
Place of publication, distribution, etc. Cambridge, UK ;
-- New York :
Name of publisher, distributor, etc. Cambridge University Press,
Date of publication, distribution, etc. 2002.
300 ## - PHYSICAL DESCRIPTION
Extent xxi, 617 p. :
Other physical details ill., maps ;
Dimensions 26 cm.
504 ## - BIBLIOGRAPHY, ETC. NOTE
Bibliography, etc. note Includes bibliographical references (p. [567]-606) and index.
650 #0 - SUBJECT ADDED ENTRY--TOPICAL TERM
Topical term or geographic name entry element Germplasm resources.
700 1# - ADDED ENTRY--PERSONAL NAME
Personal name Briscoe, David A.
Fuller form of name (David Anthony),
Dates associated with a name 1947-
700 1# - ADDED ENTRY--PERSONAL NAME
Personal name Ballou, J. D.
Fuller form of name (Jonathan D.)
856 42 - ELECTRONIC LOCATION AND ACCESS
Materials specified Publisher description
Uniform Resource Identifier <a href="http://www.loc.gov/catdir/description/cam021/2001035028.html">http://www.loc.gov/catdir/description/cam021/2001035028.html</a>
856 41 - ELECTRONIC LOCATION AND ACCESS
Materials specified Table of contents
Uniform Resource Identifier <a href="http://www.loc.gov/catdir/toc/cam025/2001035028.html">http://www.loc.gov/catdir/toc/cam025/2001035028.html</a>
856 42 - ELECTRONIC LOCATION AND ACCESS
Materials specified Contributor biographical information
Uniform Resource Identifier <a href="http://www.loc.gov/catdir/enhancements/fy0731/2001035028-b.html">http://www.loc.gov/catdir/enhancements/fy0731/2001035028-b.html</a>
906 ## - LOCAL DATA ELEMENT F, LDF (RLIN)
a 7
b cbc
c orignew
d 1
e ocip
f 20
g y-gencatlg
942 ## - ADDED ENTRY ELEMENTS (KOHA)
Source of classification or shelving scheme Library of Congress Classification
Koha item type Non-Fiction
Suppress in OPAC No
Holdings
Withdrawn status Lost status Source of classification or shelving scheme Damaged status Not for loan Collection Home library Current library Shelving location Date acquired Source of acquisition Total Checkouts Full call number Barcode Date last seen Price effective from Koha item type
    Library of Congress Classification     Non-fiction Kapasa Makasa University Kapasa Makasa University Open Access 29.09.2023 Book Aid   QH 75.A1 Fra 734535 29.09.2023 29.09.2023 Non-Fiction
    Library of Congress Classification     Non-fiction Kapasa Makasa University Kapasa Makasa University Open Access 29.09.2023 Book Aid   QH 75.A1 Fra 738154 29.09.2023 29.09.2023 Non-Fiction